000 00306nam a22001337a 4500
008 170508b xxu||||| |||| 00| 0 eng d
020 _a99514020111
041 _aalb
080 _a342
100 _a15
101 _aSHJ
245 _aARSIMIMI PËR TË DREJTAT E NJERIUT
_cGRUP AUTORESH
942 _2udc
_cBK
999 _c12896
_d12896